MARC

LEADER 00000nam0a2200000 4500
001 303268
005 20231102001603.0
035 |a (RuTPU)RU\TPU\book\328489 
090 |a 303268 
100 |a 20150901d1973 k y0rusy50 ca 
101 0 |a rus 
102 |a RU 
105 |a a z 001zy 
200 1 |a Изоляция линий и подстанций в районах с загрязненной атмосферой  |f С. Д. Мерхалев, Е. А. Соломоник 
210 |a Ленинград  |c Энергия  |d 1973 
215 |a 159 с.  |c ил. 
320 |a Библиогр.: с. 154-158. 
606 1 |a Электроизоляция высоковольтная  |x Испытание  |2 stltpush  |3 (RuTPU)RU\TPU\subj\20089  |9 45230 
610 1 |a линии передачи 
610 1 |a подстанции электрические 
610 1 |a изоляция 
610 1 |a изоляторы 
610 1 |a загрязненная атмосфера 
610 1 |a разрядные характеристики 
675 |a 621.315.62.02  |v 3 
700 1 |a Мерхалев  |b С. Д.  |g Сергей Дмитриевич 
701 1 |a Соломоник  |b Е. А.  |g Евгений Аронович 
801 1 |a RU  |b 63413507  |c 20150901 
801 2 |a RU  |b 63413507  |c 20200814  |g RCR 
942 |c BK